[Event "Leiden op-A 8th"]
[Site "Leiden"]
[Date "2014.07.19"]
[Round "8"]
[White "Baak, Karl"]
[Black "Van Goethem, Jozef"]
[Result "1/2-1/2"]
[WhiteElo "1895"]
[BlackElo "1882"]
[PlyCount "70"]
[EventDate "2014.07.11"]
[EventType "swiss"]
[EventRounds "9"]
[EventCountry "NED"]
[SourceTitle "CBM 161 Extra"]
[Source "ChessBase"]
[SourceDate "2014.08.29"]
[SourceVersion "1"]
[SourceVersionDate "2014.08.29"]
[SourceQuality "1"]

1. d4 Nf6 2. Nf3 d5 3. c4 dxc4 4. e3 Bg4 5. Bxc4 e6 6. Nbd2 Nbd7 7. Qb3 Nb6 8. Be2 Be7 9. a4 0-0 10. h3 Bh5 11. 0-0 a5 12. Re1 Qd5 13. Qc2 Rfc8 14. e4 Qd8 15. Bd3 c5 16. d5 c4 17. Bf1 exd5 18. exd5 Nfxd5 19. Ne5 Nb4 20. Qf5 Bg6 21. Nxg6 hxg6 22. Qe4 Bf6 23. Nxc4 Nxc4 24. Bxc4 Rxc4 25. Qxc4 Rc8 26. Qb3 Nc2 27. Bf4 Nxa1 28. Rxa1 Qd4 29. Be3 Qxb2 30. Qxb2 Bxb2 31. Rb1 Bf6 32. Rb5 Bc3 33. Bb6 Rc4 34. Bxa5 Bxa5 35. Rxa5 Kf8 1/2-1/2

[Event "Brasschaat op 13th"]
[Site "Brasschaat"]
[Date "2013.08.18"]
[Round "2"]
[White "Van Goethem, Jozef"]
[Black "Hamblok, Roel"]
[Result "0-1"]
[WhiteElo "1883"]
[BlackElo "2304"]
[PlyCount "58"]
[EventDate "2013.08.17"]
[EventType "swiss"]
[EventRounds "9"]
[EventCountry "BEL"]
[SourceTitle "CBM 156 Extra"]
[Source "ChessBase"]
[SourceDate "2013.10.22"]
[SourceVersion "1"]
[SourceVersionDate "2013.10.22"]
[SourceQuality "1"]

1. e4 c6 2. d4 d5 3. Nd2 dxe4 4. Nxe4 Bf5 5. Ng3 Bg6 6. Nf3 Nd7 7. Bd3 e6 8. 0-0 Ngf6 9. Qe2 Be7 10. Re1 Bxd3 11. Qxd3 0-0 12. Bd2 Re8 13. Qb3 Qc7 14. c3 c5 15. dxc5 Nxc5 16. Qc2 Red8 17. Nd4 a6 18. Red1 b5 19. a3 Na4 20. Be1 Rac8 21. Rab1 Qf4 22. Qe2 Bc5 23. Bd2 Qc7 24. Nb3 Bb6 25. Bg5 Rxd1+ 26. Rxd1 Nd5 27. Rc1 h6 28. Be3 Nxe3 29. fxe3 Nxb2 0-1

[Event "Brasschaat op 09th"]
[Site "Brasschaat"]
[Date "2009.08.19"]
[Round "5"]
[White "Van Goethem, Jozef"]
[Black "Roos, Adrian"]
[Result "1-0"]
[WhiteElo "1813"]
[BlackElo "2060"]
[PlyCount "111"]
[EventDate "2009.08.15"]
[EventType "swiss"]
[EventRounds "9"]
[EventCountry "BEL"]
[SourceTitle "CBM 131 Extra"]
[Source "ChessBase"]
[SourceDate "2009.09.03"]
[SourceVersion "2"]
[SourceVersionDate "2009.09.16"]
[SourceQuality "1"]

1. e4 c5 2. Nf3 d6 3. d4 cxd4 4. Nxd4 Nf6 5. Bc4 e6 6. Nc3 a6 7. Bb3 Nbd7 8. 0-0 Nc5 9. f3 b5 10. a3 Nxb3 11. Nxb3 Bb7 12. Be3 Qc7 13. Qe2 Be7 14. Qf2 Rc8 15. Rfd1 d5 16. exd5 Nxd5 17. Nxd5 Bxd5 18. Nd4 0-0 19. c3 Rfd8 20. Rd2 Bc4 21. Rad1 Bf6 22. Ne2 Rxd2 23. Rxd2 Rd8 24. Ng3 Bh4 25. Qe1 e5 26. Bf2 g6 27. Ne4 Rxd2 28. Qxd2 Be7 29. g4 f5 30. gxf5 gxf5 31. Ng3 Qc8 32. Qh6 Qe6 33. Qh5 Bd3 34. Qe8+ Kg7 35. Kh1 Qf7 36. Qc6 a5 37. Qd7 f4 38. Qxd3 fxg3 39. Bxg3 Qf6 40. Kg2 b4 41. Qd5 Bd6 42. axb4 axb4 43. cxb4 Qg6 44. Qe4 Qg5 45. Qd5 Qg6 46. Qe4 Qg5 47. Qg4 Qxg4 48. fxg4 Bxb4 49. Bxe5+ Kg6 50. Bf4 h5 51. gxh5+ Kxh5 52. Kf3 Be7 53. Ke4 Kg4 54. Bg3 Bf8 55. Kd5 Kg5 56. Bd6 1-0

[Event "Brasschaat op 08th"]
[Site "Brasschaat"]
[Date "2008.08.17"]
[Round "2"]
[White "Van Goethem, Jozef"]
[Black "Piceu, Tom"]
[Result "0-1"]
[WhiteElo "1944"]
[BlackElo "2398"]
[PlyCount "86"]
[EventDate "2008.08.16"]
[EventType "swiss"]
[EventRounds "9"]
[EventCountry "BEL"]
[SourceTitle "EXT 2017"]
[Source "ChessBase"]
[SourceDate "2016.10.25"]
[SourceVersion "1"]
[SourceVersionDate "2016.10.25"]
[SourceQuality "1"]

1. e4 c5 2. Nf3 d6 3. d4 cxd4 4. Nxd4 Nf6 5. Bc4 e6 6. Nc3 Be7 7. Bb3 0-0 8. Be3 a6 9. a4 Nc6 10. 0-0 Qc7 11. f3 Na5 12. Qd2 Rd8 13. Qf2 Nc4 14. Bxc4 Qxc4 15. Rfd1 e5 16. Nb3 Be6 17. Bg5 Rac8 18. a5 Qc6 19. Nc1 Ng4 20. fxg4 Bxg5 21. h3 d5 22. exd5 Bxd5 23. Nd3 Qh6 24. Nxd5 Rxd5 25. Qf3 Qe6 26. Nb4 e4 27. Qe2 Rb5 28. Rd4 Re8 29. c3 Be7 30. Kh1 Bd6 31. Rad1 Bc7 32. Rd5 Rxa5 33. Rxa5 Bxa5 34. Nd5 h6 35. b4 Bd8 36. c4 Qe5 37. Qe3 Bg5 38. Qe2 e3 39. Rd3 Qg3 40. Kg1 Re4 41. Rd1 Bh4 42. Rf1 Qe5 43. Rf3 Bf2+ 0-1